Role of surveyors under ISO 9000 in the construction industry (Record no. 71769)

MARC details
000 -LEADER
fixed length control field 00836cam a2200229 4500
001 - CONTROL NUMBER
control field ABS66205
008 - FIXED-LENGTH DATA ELEMENTS--GENERAL INFORMATION
fixed length control field 021216n2002 000 0 eng u
035 ## - SYSTEM CONTROL NUMBER
System control number (Sirsi) u120780
100 ## - MAIN ENTRY--PERSONAL NAME
Personal name Lam, S
245 ## - TITLE STATEMENT
Title Role of surveyors under ISO 9000 in the construction industry
260 ## - PUBLICATION, DISTRIBUTION, ETC.
Date of publication, distribution, etc. 2002
490 ## - SERIES STATEMENT
Series statement Journal of Surveying Engineering
Volume/sequential designation 128(4) November 2002, 187-199(7)
520 ## - SUMMARY, ETC.
Summary, etc. This paper introduces the ISO 9000:2000 standards, and the role of engineering surveyors under the quality assurance and management standards of the construction industry. Table. Diagrams. TAKEN FROM ARTICLE ABSTRACT
590 ## - LOCAL NOTE (RLIN)
Local note ABS
650 ## - SUBJECT ADDED ENTRY--TOPICAL TERM
Topical term or geographic name entry element QUALITY CONTROL
650 ## - SUBJECT ADDED ENTRY--TOPICAL TERM
Topical term or geographic name entry element STANDARDS
650 ## - SUBJECT ADDED ENTRY--TOPICAL TERM
Topical term or geographic name entry element ISO 9000
650 ## - SUBJECT ADDED ENTRY--TOPICAL TERM
Topical term or geographic name entry element ENGINEERING SURVEYING
690 ## - LOCAL SUBJECT ADDED ENTRY--TOPICAL TERM (OCLC, RLIN)
Topical term or geographic name as entry element BUILDING AND CONSTRUCTION-ENGINEERING
700 ## - ADDED ENTRY--PERSONAL NAME
Personal name Tang, C
942 ## - ADDED ENTRY ELEMENTS (KOHA)
Suppress in OPAC 0
Holdings
Withdrawn status Lost status Source of classification or shelving scheme Damaged status Not for loan Home library Current library Shelving location Date acquired Total Checkouts Full call number Barcode Date last seen Copy number Price effective from Koha item type
    Dewey Decimal Classification     London London Journal article 16/12/2002   ABS66205 120780-1001 06/08/2019 1 06/08/2019 Journal article